[Event "Santa Fe Litoral op 2nd"]
[Site "Santa Fe"]
[Date "2022.11.13"]
[Round "6"]
[White "Lujan, Carolina"]
[Black "Zapata Charles, Santiago"]
[Result "1/2-1/2"]
[WhiteElo "2319"]
[BlackElo "2306"]
[PlyCount "123"]
[EventDate "2022.11.10"]
[EventType "swiss"]
[EventRounds "7"]
[EventCountry "ARG"]
[SourceTitle "CBM 211 Extra"]
[Source "ChessBase"]
[SourceDate "2023.01.31"]
[SourceVersion "1"]
[SourceVersionDate "2023.01.31"]
[SourceQuality "1"]

1. e4 e5 2. Nf3 Nc6 3. Bc4 Bc5 4. d3 Nf6 5. 0-0 d6 6. c3 a6 7. Bb3 Ba7 8. Be3 0-0 9. Nbd2 Be6 10. Bc2 d5 11. Bxa7 Rxa7 12. d4 exd4 13. e5 dxc3 14. exf6 cxd2 15. fxg7 Kxg7 16. Qxd2 Qf6 17. Qd3 Rg8 18. Rfe1 Nb4 19. Qxh7+ Kf8 20. Bb3 Qg7 21. Qxg7+ Rxg7 22. Rad1 a5 23. a3 a4 24. axb4 axb3 25. Nd4 Bh3 26. g3 Ra2 27. Rd2 Rg6 28. f3 Bd7 29. Rc1 c6 30. Nxb3 b6 31. Kf2 Ke7 32. g4 Kd6 33. Kg3 Rg8 34. h4 f6 35. Kf4 Rc8 36. g5 fxg5+ 37. hxg5 c5 38. bxc5+ bxc5 39. g6 Rf8+ 40. Kg5 Rxf3 41. Nxc5 Be8 42. Nb7+ Ke7 43. Re1+ Kf8 44. g7+ Kxg7 45. Rxe8 Rb3 46. Nd6 Rbxb2 47. Nf5+ Kf7 48. Re7+ Kf8 49. Rxd5 Rg2+ 50. Kf6 Ra6+ 51. Re6 Rg6+ 52. Kxg6 Rxe6+ 53. Kg5 Kf7 54. Rd7+ Ke8 55. Rd4 Kf7 56. Nh6+ Ke7 57. Nf5+ Kf7 58. Rd7+ Ke8 59. Ra7 Kd8 60. Nd4 Rd6 61. Nf5 Rd7 62. Rxd7+ 1/2-1/2

[Event "Neuquen Las Balsas op"]
[Site "Neuquen"]
[Date "2022.06.18"]
[Round "3"]
[White "Lujan, Carolina"]
[Black "Lima, Joaquin"]
[Result "1-0"]
[WhiteElo "2321"]
[BlackElo "2010"]
[PlyCount "58"]
[EventDate "2022.06.17"]
[EventType "swiss"]
[EventRounds "7"]
[EventCountry "ARG"]
[SourceTitle "CBM 208 Extra"]
[Source "ChessBase"]
[SourceDate "2022.07.31"]
[SourceVersion "1"]
[SourceVersionDate "2022.07.31"]
[SourceQuality "1"]

1. e4 c5 2. Nf3 e6 3. d4 cxd4 4. Nxd4 a6 5. Nc3 Qc7 6. g3 Bb4 7. Bd2 Nc6 8. Nxc6 dxc6 9. Qg4 Bf8 10. Qe2 e5 11. f4 h5 12. f5 Bd7 13. h3 g6 14. Qf2 Be7 15. Bc4 Nf6 16. Bg5 gxf5 17. exf5 b5 18. Bb3 e4 19. 0-0-0 Ng4 20. Qd2 Bxg5 21. Qxg5 Nf2 22. Qf6 Rh7 23. Nxe4 Nxd1 24. Rxd1 Kf8 25. Ng5 Rg7 26. Rxd7 Qxd7 27. Ne6+ Ke8 28. Nxg7+ Kf8 29. Ne6+ Ke8 1-0